What they still don't teach you at Harvard Business School (Record no. 4993)

MARC details
000 -CABECERA
campo de control de longitud fija 01870cam a2200313 i 4500
001 - NÚMERO DE CONTROL
campo de control 991025532414307026
003 - IDENTIFICADOR DEL NÚMERO DE CONTROL
campo de control UkOxU
005 - FECHA Y HORA DE LA ÚLTIMA TRANSACCIÓN
campo de control 20251002122230.0
008 - DATOS DE LONGITUD FIJA--INFORMACIÓN GENERAL
campo de control de longitud fija 220705r20221989enk 000 0 eng d
015 ## - NÚMERO DE BIBLIOGRAFÍA NACIONAL
Número de bibliografía nacional GBC2C2752
Fuente bnb
020 ## - NÚMERO INTERNACIONAL ESTÁNDAR DEL LIBRO
Número Internacional Estándar del Libro 9781800812192
035 ## - NÚMERO DE CONTROL DEL SISTEMA
Número de control de sistema (OCoLC)1338666803
035 ## - NÚMERO DE CONTROL DEL SISTEMA
Número de control de sistema (OCoLC)on1338666803
040 ## - FUENTE DE LA CATALOGACIÓN
Centro catalogador/agencia de origen UKMGB
Lengua de catalogación eng
Normas de descripción rda
Centro/agencia transcriptor UKMGB
Centro/agencia modificador SINLB
-- OCLCF
-- OCLCO
-- OCLCL
-- UkOxU
041 ## - CÓDIGO DE LENGUA
Código de lengua del texto/banda sonora o título independiente eng
050 ## - SIGNATURA TOPOGRÁFICA DE LA BIBLIOTECA DEL CONGRESO
Número de clasificación HF5386
Número de documento/Ítem .M474 2022
100 ## - ENTRADA PRINCIPAL--NOMBRE DE PERSONA
Nombre de persona McCormack, Mark H.
Término indicativo de función/relación author
9 (RLIN) 25974
240 ## - TÍTULO UNIFORME
Título uniforme Success secret
245 ## - MENCIÓN DE TÍTULO
Título What they still don't teach you at Harvard Business School
Mención de responsabilidad, etc. / Mark H. McCormack.
246 ## - FORMA VARIANTE DE TÍTULO
Título propio/Titulo breve What they still do not teach you at Harvard Business School
260 ## - PUBLICACIÓN, DISTRIBUCIÓN, ETC.
Lugar de publicación, distribución, etc. London :
Nombre del editor, distribuidor, etc. Profile Books,
Fecha de publicación, distribución, etc. 2022.
300 ## - DESCRIPCIÓN FÍSICA
Extensión xiv, 298 pages ;
Dimensiones 20 cm.
500 ## - NOTA GENERAL
Nota general Originally published: London: Bantam, 1989.
500 ## - NOTA GENERAL
Nota general First published in Great Britain as Success secret in 1989 by Guild Publishing by arrangement with William Collins Sons and Co Ltd.
520 ## - SUMARIO, ETC.
Sumario, etc. Between the theories of business school and the real world of business, there is still a gap - one that can only be filled by experience, helped by the knowledge of someone who has already done it.<br/><br/>Over a lifetime as one of the world's most influential business leaders, Mark McCormack gathered more insights than could ever fit in one book: here he has distilled the strategies, techniques and wisdom that everyone needs to get organised, get ahead and gain and keep the competitive edge.<br/><br/>Building on from What They Don't Teach You At Harvard Business School, this straight-talking, practical guide offers essential tools and skills - from negotiating to managing, advancing your career to building a new idea - that will help you be a leader at any level.
650 #0 - PUNTO DE ACCESO ADICIONAL DE MATERIA--TÉRMINO DE MATERIA
Término de materia o nombre geográfico como elemento de entrada Success in business
9 (RLIN) 1506
650 #0 - PUNTO DE ACCESO ADICIONAL DE MATERIA--TÉRMINO DE MATERIA
Término de materia o nombre geográfico como elemento de entrada Management
9 (RLIN) 319
942 ## - ELEMENTOS DE ENTRADA AGREGADA (KOHA)
Fuente del sistema de clasificación o colocación Clasificación de Library of Congress
Holdings
Estado de retiro Estado de pérdida Fuente del sistema de clasificación o colocación Estado dañado No para préstamo Biblioteca de origen Biblioteca actual Fecha de adquisición Total de préstamos Signatura topográfica completa Código de barras Fecha visto por última vez Número de copia Precio válido a partir de Tipo de ítem Koha
    Clasificación de Library of Congress     TBS Barcelona TBS Barcelona 02/10/2025   HF5386 MCC B07637 02/10/2025 1 02/10/2025 Book

Powered by Koha